000 01241naa a22003137a 4500
001 BR6009337
003 BR-BrBNA
005 20240918173007.0
007 ta
008 230509b bl.||||| |||| 00| 0 por d
040 _aBR-BrBNA
_bpor
_cBiblioteca Nacional de Agricultura
041 _a(Pt)
072 _aF30; E15
_b0336
_bG514
090 _aF30 BR6009337
110 1 _aCooperativa Triticola Regional Santo Angelo Ltda, RS (Brasil)
111 1 _a11. Conferencia Estadual; 3. Nacional do Soja; 2. Encontro dos Viticultores
_cFlores da Cunha, RS (Brazil)
_d22 Feb 1973
245 1 _aVariedades do Soja [Glycine max; Brasil]
260 3 _aFlores da Cunha, RS (Brasil):
_c1973.
500 _a11. Conferencia Estadual, 3. Nacional do Soja e 2. Encontro dos Viticultores Flores da Cunha, RS (Brasil): 1973. p. 78-80 (BR6009337-AM)F30
650 _aMelhoramento genetico vegetal
650 _aSoja
650 _aMicroeconomia
650 _aEconomia da producao
650 _aVariedade
650 _aCruzamento
773 0 _t11. Conferencia Estadual, 3. Nacional do Soja e 2. Encontro dos Viticultores
_wF30 BR6009337
_gFlores da Cunha, RS (Brasil), 1973. p. 78-80
909 _a202404
_bLucia
_c55
_dLucia Elande
942 _cAM
_2AGRIS
999 _c302422
_d302422